Spatial divisions of labour : social structures and the geography of production

Αποθηκεύτηκε σε:
Λεπτομέρειες βιβλιογραφικής εγγραφής
Κύριος συγγραφέας: Massey, Doreen B.
Μορφή: Βιβλίο
Γλώσσα:English
Δημοσίευση: London : Macmillan, 1985
Σειρά:Critical human geography
Θέματα:
Ετικέτες: Προσθήκη ετικέτας
Δεν υπάρχουν, Καταχωρήστε ετικέτα πρώτοι!

MARC

LEADER 00000nam a2200000 i 4500
001 1/17279
008 980903s1985 eng d
020 |a 0-333-34257-7 
035 |l 10020495 
040 |a GR-MY-UA  |b gre  |e aacr 
041 0 |a eng 
082 0 |a 338.60420941 
100 1 |a Massey, Doreen B. 
245 1 0 |a Spatial divisions of labour :  |b social structures and the geography of production /  |c Doreen Massey 
260 |a London :   |b Macmillan,   |c 1985 
300 |a 339 p. 
490 1 |a Critical human geography 
504 |a Includes bibliographical references and index 
650 0 0 |a Industrial location  |z Great Britain. 
650 0 0 |a Regional planning  |z Great Britain. 
651 0 |a Great Britain  |x Economic conditions  |y 1964-1979  |x Regional disparities. 
830 0 |a Critical human geography 
852 |a INST  |b LESVOS  |e 19980903  |h 338.60420941 MAS  |p 005100013382  |q 005100013382  |t BK  |y 0 
901 |a BIBL-1998-3 
909 |a Λ  |b 051062 
922 |a 1ΔΩΡ